Ligne C5 de bus de Rennes - Statistiques

Statistiques générales
  • Ce quiz a été pris 30 fois
  • Le résultat moyen est 13 sur 30
Statistiques - réponses
Correspondances Arrêt % Correct
Métro a, C1, C2, C3,C4, C6, 11 République
80%
Métro b, C6 Colombier
76%
Saint-Laurent
76%
Lycée Bréquigny
72%
10 Jeanne d'Arc
68%
C6 La Criée
68%
Thabor
64%
C6 Cité Judiciaire
60%
Saint-Vincent
56%
Durafour
52%
Oberthur
52%
Métro b Joliot-Curie Chateaubriand
48%
Le Blizz
48%
Pigeon Blanc
48%
C2, C3, 12 Place Pasteur
48%
Pont de Nantes
48%
Vers le Sud Châteaudun
36%
Félix Eboué
36%
C2, 14 Turmel
36%
Gayeulles Piscine
32%
Mermoz
28%
Pressoirs
28%
Foyer Rennais
24%
Saint-Yves
24%
10 Vitré Danton
24%
14 Hôtel de Région
20%
Vers le Sud Boberil
16%
Pilate
16%
Parc Gayeulles
12%
Hérionière
0%
Aucun quiz correspondant
Distribution des résultats
% des personnes avec chaque résultat
Percentile par nombre de réponses
Votre historique - résultats
Vous n’avez pas pris ce quiz